Province italiane nel 1861 - Statistics

Statistiche generali
  • Questo quiz è stato fatto 409 volte
  • Il punteggio medio è 41 su 59
Statistiche sulle risposte
Provincia % Corretto
Torino
92%
Milano
91%
Firenze
87%
Genova
85%
Napoli
85%
Palermo
85%
Terra di Bari
85%
Catania
80%
Terra di Otranto
80%
Bologna
79%
Ancona
77%
Calabria Ulteriore I
77%
Parma
77%
Cagliari
76%
Messina
76%
Pisa
76%
Alessandria
75%
Bergamo
75%
Brescia
75%
Livorno
74%
Calabria Ulteriore II
72%
Capitanata
72%
Cuneo
72%
Principato Citeriore
72%
Basilicata
71%
Como
71%
Modena
71%
Reggio Emilia
71%
Terra di Lavoro
71%
Ferrara
70%
Umbria
70%
Abruzzo Ulteriore II
69%
Piacenza
69%
Sassari
69%
Benevento
67%
Calabria Citeriore
67%
Principato Ulteriore
67%
Siena
67%
Arezzo
66%
Cremona
66%
Ravenna
66%
Girgenti
64%
Lucca
64%
Noto
64%
Abruzzo Ulteriore I
63%
Grosseto
63%
Molise
63%
Pavia
63%
Trapani
63%
Abruzzo Citeriore
62%
Novara
61%
Porto Maurizio
61%
Forlì
58%
Sondrio
57%
Macerata
50%
Caltanissetta
43%
Ascoli Piceno
39%
Massa e Carrara
29%
Pesaro e Urbino
25%
Nessun quiz corrispondente trovato
Distribuzione punteggi
Percentuale di utenti per punteggio
Percentile per numero di risposta
I tuoi punteggi nel tempo
Non hai fatto questo quiz